00972nam a2200217 a 450000500170000000800410001704000250005804100080008304400080009108200170009910000300011624501180014626001470026430000330041165000440044465000280048870000370051694200150055399900150056895201710058320171201152552.0140314b2000 ||||f |||| 00| 0 eng d aCO-BoIAVHcCO-BoIAVH0 aeng axxu04a338.98bJ82s aUquillas, Jorge E.eautor aStrengthening indigenous organizations : bthe world bank's indigenous capacity-building program in Latin America aWashington : bWorld Bank ; bLatin America and Caribbean Regional Office : bEnvironmentally and Socially Sustainable Development SMU. c2000 a24 páginas. c28 x 22 cm. 26aInformes de gestión - Banco Mundial 26aComunidades indígenas aAparicio Gabara, Teresaeautora  cLIBRO2ddc c4166d4166 00102ddc40708GENERALIINV2017aVenadobVenadod2004-10-05eInstitutog39000.00l0oLB-338.98 J82sp016744r2012-12-04 00:00:00tEj. 1w2012-12-04xDonacionyLIBRO